Современники называли ее "царскою"; Ландшафтный дизайн; № 1

Bibliografiske detaljer
Parent link:Ландшафтный дизайн: журнал.— , 2002-
№ 1.— 2002.— С. 15-19
Hovedforfatter: Ожерельева М. Мария
Sprog:russisk
Udgivet: 2002
Serier:Ностальгия
Fag:
Format: MixedMaterials Book Chapter
KOHA link:https://koha.lib.tpu.ru/cgi-bin/koha/opac-detail.pl?biblionumber=381619

MARC

LEADER 00000naa2a2200000 4500
001 381619
005 20231101062842.0
035 |a (RuTPU)RU\TPU\prd\4400 
090 |a 381619 
100 |a 20020603a2002 k y0rusy50 ca 
101 0 |a rus 
102 |a RU 
200 1 |a Современники называли ее "царскою"  |f М. Ожерельева 
225 1 |a Ностальгия 
461 1 |0 (RuTPU)RU\TPU\prd\2266  |t Ландшафтный дизайн  |o журнал  |d 2002- 
463 1 |0 (RuTPU)RU\TPU\prd\2267  |t № 1  |v С. 15-19  |d 2002 
610 1 |a усадьбы 
610 1 |a парки 
610 1 |a сады 
610 1 |a цветоводство 
610 1 |a ландшафты 
610 1 |a дизайн 
610 1 |a Муромцево 
610 1 |a оранжереи 
610 1 |a дворцовый парковый ансамбль 
700 1 |a Ожерельева  |b М.  |g Мария 
801 1 |a RU  |b 63413507  |c 20020603  |g PSBO 
801 2 |a RU  |b 63413507  |c 20050120  |g PSBO 
942 |c BK